000
00327nam a2200133Ia 4500
005
20251222142020.0
008
251222s9999||||xx |||||||||||||| ||spa||
020
_a
84-281-0820-X
082
_a
375/P46
100
_a
Pérez Pérez, Ramón
245
0
_a
El CurrÍículum y sus Componentes:
264
_b
Oikos-Tau
942
_c
LIB
999
_c
10628
_d
10628